00924nam a2200253Ia 4500003000900000008004100009020001800050040001600068080001900084245008900103260003400192300001300226500005200239650004700291650004700338650004100385700002500426700002600451700003500477700002400512942000700536999001500543952011200558IN-BaIIA211028s9999 xx 000 0 eng d a3-540-07339-6 cIIA Library a048:1:52/74-12 0aAstronomy and astrophysics abstractsbvol. 12, pt. 2cedited by S. Bohme... [et al.] aBerlinbSpringer-Verlagc1975 ax, 699p. aIn India distrubuted by K Krishnamurthy, Madras aAbstracts-Astronomy and Astrophysics96051 aAstronomy and Astrophysics Abstracts96052 aAstronomy and Astrophysics Thesaurus aBohme, S., ed.96427 aFricke, W., ed.96053 aGuntzel-Lingner, U., ed.96054 aHenn, F., ed.96055 cBK c4771d4771 00102ddc4070aBANbBANcGENd1975-10-04l0o048.1:52/ AAA-12p5337r2021-11-05w1975-10-04yBKGDM 68.80